| Tag |
First Indicator |
Second Indicator |
Subfields |
| LEADER |
00000cas a2200000 a 4500 |
| 001 |
in00000051499 |
| 008 |
810413d19uu1958pauuu p 0 a0eng d |
| 005 |
20260603132638.4 |
| 016 |
7 |
|
|a 011766861
|2 Uk
|
| 029 |
1 |
|
|a UKMGB
|b 011766861
|
| 035 |
|
|
|a (OCoLC)7333041
|
| 040 |
|
|
|a NYG
|b eng
|c NYG
|d MUL
|d OCL
|d OCLCQ
|d UKMGB
|d OCLCF
|d OCLCO
|d CAI
|d OCLCQ
|d OCLCO
|d OCLCQ
|d TXA
|
| 050 |
1 |
4 |
|a TS201 M67
|
| 050 |
|
4 |
|a TS200
|b .M6
|
| 082 |
0 |
4 |
|a 671.05
|b qM689
|
| 245 |
0 |
4 |
|a The Modern industrial "press."
|
| 264 |
|
1 |
|a [Pittsburgh, Pa.] :
|b [Andresen],
|c -1958.
|
| 300 |
|
|
|a volumes :
|b illustrations ;
|c 33 cm
|
| 336 |
|
|
|a text
|b txt
|2 rdacontent
|
| 337 |
|
|
|a unmediated
|b n
|2 rdamedia
|
| 338 |
|
|
|a volume
|b nc
|2 rdacarrier
|
| 588 |
0 |
|
|a Jan. 1941; title from cover.
|
| 650 |
|
0 |
|a Metal-work
|v Periodicals.
|
| 650 |
|
6 |
|a Travail des métaux
|v Périodiques.
|
| 650 |
|
7 |
|a Metal-work.
|2 fast
|0 (OCoLC)fst01017786
|
| 655 |
|
7 |
|a Periodicals.
|2 fast
|0 (OCoLC)fst01411641
|
| 785 |
0 |
0 |
|t Metal forming and fabricating
|w (OCoLC)2448548
|
| 936 |
|
|
|a Jan. 1941
|
| 948 |
|
|
|h NO HOLDINGS IN TXA - 14 OTHER HOLDINGS
|
| 994 |
|
|
|a Z0
|b TXA
|
| 999 |
f |
f |
|s 82ac90e6-c5c0-349a-bce2-4b155fc458bb
|i adcc82a9-80ef-355a-adc2-6d5c8903d99d
|t 0
|
| 952 |
f |
f |
|a Texas A&M University
|b Rellis Campus
|c Joint Library Facility
|d Remote Storage
|e TS200 .M6
|h Library of Congress classification
|i unmediated -- volume
|k v.4
|l 1942/1943
|m A14834251509
|p ric
|s JLF
|t 0
|
| 952 |
f |
f |
|a Texas A&M University
|b Rellis Campus
|c Joint Library Facility
|d Remote Storage
|e TS200 .M6
|h Library of Congress classification
|i unmediated -- volume
|k v.14
|l 1952
|m A14834251761
|p ric
|s JLF
|t 0
|
| 952 |
f |
f |
|a Texas A&M University
|b Rellis Campus
|c Joint Library Facility
|d Remote Storage
|e TS200 .M6
|h Library of Congress classification
|i unmediated -- volume
|k v.7
|l 1945
|m A14834252042
|p ric
|s JLF
|t 0
|
| 952 |
f |
f |
|a Texas A&M University
|b Rellis Campus
|c Joint Library Facility
|d Remote Storage
|e TS200 .M6
|h Library of Congress classification
|i unmediated -- volume
|k v.5:no.11-12
|l 1943:Dec.-1944:Jan.
|m A14834251614
|p ric
|s JLF
|t 0
|
| 952 |
f |
f |
|a Texas A&M University
|b Rellis Campus
|c Joint Library Facility
|d Remote Storage
|e TS200 .M6
|h Library of Congress classification
|i unmediated -- volume
|k v.11
|l 1949
|m A14834251884
|p ric
|s JLF
|t 0
|
| 952 |
f |
f |
|a Texas A&M University
|b Rellis Campus
|c Joint Library Facility
|d Remote Storage
|e TS200 .M6
|h Library of Congress classification
|i unmediated -- volume
|k v.19
|l 1957
|m A14834251575
|p ric
|s JLF
|t 0
|
| 952 |
f |
f |
|a Texas A&M University
|b Rellis Campus
|c Joint Library Facility
|d Remote Storage
|e TS200 .M6
|h Library of Congress classification
|i unmediated -- volume
|k v.13
|l 1951
|m A14834251800
|p ric
|s JLF
|t 0
|
| 952 |
f |
f |
|a Texas A&M University
|b Rellis Campus
|c Joint Library Facility
|d Remote Storage
|e TS200 .M6
|h Library of Congress classification
|i unmediated -- volume
|k v.12
|l 1950
|m A14834251842
|p ric
|s JLF
|t 0
|
| 952 |
f |
f |
|a Texas A&M University
|b Rellis Campus
|c Joint Library Facility
|d Remote Storage
|e TS200 .M6
|h Library of Congress classification
|i unmediated -- volume
|k v.5:no.5-10
|l 1943:June-Nov.
|m A14834251656
|p ric
|s JLF
|t 0
|
| 952 |
f |
f |
|a Texas A&M University
|b Rellis Campus
|c Joint Library Facility
|d Remote Storage
|e TS200 .M6
|h Library of Congress classification
|i unmediated -- volume
|k v.10
|l 1948
|m A14834251923
|p ric
|s JLF
|t 0
|
| 952 |
f |
f |
|a Texas A&M University
|b Rellis Campus
|c Joint Library Facility
|d Remote Storage
|e TS200 .M6
|h Library of Congress classification
|i unmediated -- volume
|k v.18
|l 1956
|m A14834251606
|p ric
|s JLF
|t 0
|
| 952 |
f |
f |
|a Texas A&M University
|b Rellis Campus
|c Joint Library Facility
|d Remote Storage
|e TS200 .M6
|h Library of Congress classification
|i unmediated -- volume
|k v.20
|l 1958
|m A14834251533
|p ric
|s JLF
|t 0
|
| 952 |
f |
f |
|a Texas A&M University
|b Rellis Campus
|c Joint Library Facility
|d Remote Storage
|e TS200 .M6
|h Library of Congress classification
|i unmediated -- volume
|k v.15
|l 1953
|m A14834251729
|p ric
|s JLF
|t 0
|
| 952 |
f |
f |
|a Texas A&M University
|b Rellis Campus
|c Joint Library Facility
|d Remote Storage
|e TS200 .M6
|h Library of Congress classification
|i unmediated -- volume
|k v.16
|l 1954
|m A14834251680
|p ric
|s JLF
|t 0
|
| 952 |
f |
f |
|a Texas A&M University
|b Rellis Campus
|c Joint Library Facility
|d Remote Storage
|e TS200 .M6
|h Library of Congress classification
|i unmediated -- volume
|k v.17
|l 1955
|m A14834251648
|p ric
|s JLF
|t 0
|
| 952 |
f |
f |
|a Texas A&M University
|b Rellis Campus
|c Joint Library Facility
|d Remote Storage
|e TS200 .M6
|h Library of Congress classification
|i unmediated -- volume
|k v.8:no.1-no.9, v.8:no.11-no.12
|l 1946:Jan.-Sept., 1946:Nov.-Dec.
|m A14834252000
|p ric
|s JLF
|t 0
|
| 952 |
f |
f |
|a Texas A&M University
|b Rellis Campus
|c Joint Library Facility
|d Remote Storage
|e TS200 .M6
|h Library of Congress classification
|i unmediated -- volume
|k v.9
|l 1947
|m A14834251965
|p ric
|s JLF
|t 0
|
| 952 |
f |
f |
|a Texas A&M University
|b Rellis Campus
|c Joint Library Facility
|d Remote Storage
|e TS200 .M6
|h Library of Congress classification
|i unmediated -- volume
|k v.6
|l 1944
|m A14834251460
|p ric
|s JLF
|t 0
|
| 998 |
f |
f |
|a TS200 .M6
|s v.6 (1944/1945)-v.8:no.9 (1946:Sept.),v.8:no.11 (1946:Nov.)-v.20:no.5 (1958:May)
|t 0
|l Remote Storage
|